Vista normal
Vista MARC
Entrada Materia (personas)
Número de registros utilizados en: 1
001 - CONTROL NUMBER
- control field: 77820
003 - CONTROL NUMBER IDENTIFIER
- control field: Co-BoUCM
005 - DATE AND TIME OF LATEST TRANSACTION
- control field: 20160620082546.0
008 - FIXED-LENGTH DATA ELEMENTS
- fixed length control field: 160620|| aca||aabn | a|a d
040 ## - CATALOGING SOURCE
- Original cataloging agency: Co-BoUCM
- Transcribing agency: Co-BoUCM
100 ## - HEADING--PERSONAL NAME
- Personal name: Hervada, Javier
- Dates associated with a name: 1934-
- Form subdivision: Tesis doctorales
670 ## - SOURCE DATA FOUND
- Source citation: Work cat.: (Co-BoUCM)303602: Herrera Pardo, Camila 77819, Aproximación a los fundamentos científicos y filosóficos del iusnaturalismo realista de Javier Hervada, 2016